पाँव में आँखवाले / (Record no. 115077)

MARC details
000 -LEADER
fixed length control field 01007nam a22002537a 4500
005 - DATE AND TIME OF LATEST TRANSACTION
control field 20170124103018.0
010 ## - LIBRARY OF CONGRESS CONTROL NUMBER
LC control number A-494880
020 ## - INTERNATIONAL STANDARD BOOK NUMBER
Terms of availability 40.00
035 ## - SYSTEM CONTROL NUMBER
System control number A-494880
037 ## - SOURCE OF ACQUISITION
Source of stock number/acquisition Cen Lib/Ret
040 ## - CATALOGING SOURCE
Original cataloging agency DPL
Language of cataloging HN
082 ## - DEWEY DECIMAL CLASSIFICATION NUMBER
Classification number
Item number शर्मा
100 ## - MAIN ENTRY--PERSONAL NAME
Personal name शर्मा, यादवेन्द्र
9 (RLIN) 9690
245 ## - TITLE STATEMENT
Title पाँव में आँखवाले /
Statement of responsibility, etc यादवेन्द्र शर्मा
246 ## - VARYING FORM OF TITLE
Title proper/short title Paanv me ankhwale /
Remainder of title by Yadvendra Sharma
260 ## - PUBLICATION, DISTRIBUTION, ETC. (IMPRINT)
Place of publication, distribution, etc दिल्ली
Name of publisher, distributor, etc इन्द्रप्रस्थ प्रकाशन
Date of publication, distribution, etc 1992
270 ## - ADDRESS
Address के-71, कृष्णनगर
City दिल्ली
Postal code 110051
300 ## - PHYSICAL DESCRIPTION
Extent 110पृ.
Dimensions 17सेमी (सजिल्द)
650 ## - SUBJECT ADDED ENTRY--TOPICAL TERM
Topical term or geographic name as entry element हिन्दी -- साहित्य
9 (RLIN) 59773
650 ## - SUBJECT ADDED ENTRY--TOPICAL TERM
Topical term or geographic name as entry element हिन्दी -- उपन्यास
9 (RLIN) 59774
650 ## - SUBJECT ADDED ENTRY--TOPICAL TERM
Topical term or geographic name as entry element Hindi -- Literature
9 (RLIN) 59775
650 ## - SUBJECT ADDED ENTRY--TOPICAL TERM
Topical term or geographic name as entry element Hindi -- Fiction
9 (RLIN) 27248
942 ## - ADDED ENTRY ELEMENTS (KOHA)
Source of classification or shelving scheme Dewey Decimal Classification
Koha item type Hindi Books
Classification part
Call number suffix शर्मा
Holdings
Withdrawn status Lost status Damaged status Not for loan Home library Current library Date acquired Source of acquisition Cost, normal purchase price Total Checkouts Full call number Barcode Date last seen Date checked out Copy number Cost, replacement price Price effective from Koha item type
        Central Library Central Library 19/08/2015 Cen Lib/Ret 40.00 1 उ शर्मा A-494880 08/11/2018 24/10/2018 1 40.00 19/08/2015 Hindi Books

© Delhi Public Library
Hit Counter
free hit counter